Athletic care and rehabilitation: A sports medicine prospective Daryaganj (Record no. 394129)

MARC details
000 -LEADER
fixed length control field 00565 a2200205 4500
005 - DATE & TIME
control field 20260128101915.0
008 - FIXED-LENGTH DATA ELEMENTS--GENERAL INFORMATION
fixed length control field 260127b |||||||| |||| 00| 0 eng d
020 ## - ISBN
International Standard Book Number 9788195104499
Price Rs. 2800.00
040 ## - CATALOGING SOURCE
Original cataloging agency VIVEKANANDA LIBRARY
082 ## - DDC NUMBER
Classification number 796
Book Number S26A
100 ## - MAIN ENTRY--PERSONAL NAME
Personal name Shaw, Dhananjoy
245 ## - TITLE STATEMENT
Title Athletic care and rehabilitation: A sports medicine prospective Daryaganj
260 ## - PUBLICATION, DISTRIBUTION, ETC. (IMPRINT)
Name of publisher, distributor, etc Sports Publication
Date of publication, distribution, etc 2025
Place of publication, distribution, etc New Delhi
300 ## - PHYSICAL DESCRIPTION
Pages 548
650 ## - Subject
Subject Physical Education
650 ## - Subject
Subject Sports
650 ## - Subject
Subject Athletic Care
650 ## - Subject
Subject Rehabilitation
942 ## - ADDED ENTRY ELEMENTS (KOHA)
Koha item type Books
Holdings
Withdrawn status Lost status Source of classification or shelving scheme Damaged status Not for loan Location (home branch) Sublocation or collection (holding branch) Shelving location Date acquired Koha issues (times borrowed) Koha full call number Accession No. Koha date last seen Koha item type
    Dewey Decimal Classification     VIVEKANANDA LIBRARY VIVEKANANDA LIBRARY Vivekananda Library 05/01/2026   796 S26A 444228 05/01/2026 Books
© Designed and Maintained by Vivekananda Library, MDU Rohtak